| 000 | 01041cam a2200313ua 4500 | ||
|---|---|---|---|
| 001 | 4458048 | ||
| 003 | ARRUPE | ||
| 005 | 20140121144026.0 | ||
| 008 | 861111s1986 enk b 001 0 eng d | ||
| 020 | _a0722019750 | ||
| 035 | _a(OCoLC)14974578 | ||
| 035 | _a(OCoLC)ocm14974578 | ||
| 035 | _a(NNC)4458048 | ||
| 040 |
_aNBiSU _cNBiSU _dNNUT |
||
| 043 | _ae-uk--- | ||
| 090 |
_aBR115.C3 _bC42 1986 |
||
| 100 | 1 |
_aCharlton, William. _96842 |
|
| 245 | 1 | 4 |
_aThe Christian response to industrial capitalism / _cWilliam Charlton, Tatiana Mallinson, Robert Oakeshott. |
| 260 |
_aLondon : _bSheed & Ward, _c1986. |
||
| 300 |
_a263 p. ; _c22 cm. |
||
| 504 | _aIncludes bibliographical references and index. | ||
| 650 | 0 |
_aCapitalism _xReligious aspects _xChristianity. _96843 |
|
| 650 | 0 |
_aCapitalism _zGreat Britain _xReligious aspects. _96844 |
|
| 650 | 0 |
_aCapitalism _xReligious aspects _xCatholic Church. _96845 |
|
| 700 | 1 |
_aMallinson, Tatiana. _96846 |
|
| 700 | 1 |
_aOakeshott, Robert. _96847 |
|
| 942 |
_2lcc _cMONOGRAPH |
||
| 999 |
_c119623 _d119623 |
||